000
00265nam a22001217a 4500
041
_a
ENG
100
_a
Roeland.F.E
245
_a
Electricity In Modern Farming
260
_a
Landon
_b
Land Books LTD
_c
1993
300
_a
318
650
_a
EOES
856
_u
EOES ( 12 )
999
_c
1221
_d
1221